[Event "Steinfurt Bezirksklasse 1415"]
[Site "Germany"]
[Date "2015.01.17"]
[Round "5.6"]
[White "Burton, Christopher"]
[Black "Ahaus, Frank"]
[Result "1-0"]
[WhiteElo "1202"]
[BlackElo "737"]
[PlyCount "93"]
[EventDate "2014.09.20"]
[EventType "team-tourn"]
[EventRounds "9"]
[EventCountry "GER"]
[SourceTitle "EXT 2016"]
[Source "ChessBase"]
[SourceDate "2015.10.08"]
[SourceVersion "1"]
[SourceVersionDate "2015.10.08"]
[SourceQuality "1"]
[WhiteTeam "Westerkappeln"]
[BlackTeam "Emsdetten Turm IV"]
[WhiteTeamCountry "GER"]
[BlackTeamCountry "GER"]

1. e4 e5 2. Nf3 Nc6 3. Bc4 Bc5 4. 0-0 Nf6 5. Re1 d6 6. a3 Bg4 7. h3 Bh5 8. d3 Nd4 9. Nbd2 0-0 10. b4 Bb6 11. c3 Nxf3+ 12. Nxf3 h6 13. Be3 c5 14. bxc5 dxc5 15. Bd2 a6 16. Re3 Rc8 17. Qb3 Rc6 18. Nxe5 Rc7 19. Rg3 Kh8 20. Qxb6 Qe7 21. Bf4 Rcc8 22. Rb1 Rb8 23. Be3 Qxe5 24. Bxc5 Rfc8 25. Bd6 Qe8 26. Bxb8 Rxb8 27. Qc7 Rc8 28. Qa5 Qe7 29. Qf5 Rc5 30. Qf4 Bg6 31. Qb8+ Kh7 32. Rxb7 Rc7 33. Rxc7 Nd7 34. Rf3 Bh5 35. Rg3 Bg6 36. Qb4 Qd8 37. Rb7 Qc8 38. Rb8 Nxb8 39. Qe7 Nc6 40. Qc5 Qc7 41. Bxa6 Qd7 42. Bb5 Qb7 43. Qxc6 Qb8 44. Re3 Qe5 45. d4 Qe7 46. c4 Qd8 47. d5 1-0

[Event "Steinfurt Bezirksliga 1314"]
[Site "Germany"]
[Date "2014.05.17"]
[Round "9.8"]
[White "Kroeger, Ralf"]
[Black "Ahaus, Frank"]
[Result "1-0"]
[WhiteElo "1453"]
[BlackElo "742"]
[PlyCount "69"]
[EventDate "2013.09.14"]
[EventType "team-tourn"]
[EventRounds "9"]
[EventCountry "GER"]
[SourceTitle "EXT 2015"]
[Source "ChessBase"]
[SourceDate "2014.11.20"]
[SourceVersion "1"]
[SourceVersionDate "2014.11.20"]
[SourceQuality "1"]
[WhiteTeam "Steinfurt II"]
[BlackTeam "Emsdetten Turm III"]
[WhiteTeamCountry "GER"]
[BlackTeamCountry "GER"]

1. e4 e5 2. Nf3 Nc6 3. Bc4 Bc5 4. c3 d6 5. d4 exd4 6. cxd4 Bb6 7. 0-0 Bg4 8. Bb5 Nge7 9. d5 a6 10. Ba4 0-0 11. dxc6 bxc6 12. Qd3 Rb8 13. Bg5 h6 14. Bxe7 Qxe7 15. Bxc6 Qf6 16. Nc3 Ba5 17. Rab1 Rb6 18. Nd5 Qe6 19. Nxb6 Bxb6 20. b3 Rd8 21. Nd2 Qe5 22. Nc4 Qe7 23. Nxb6 cxb6 24. Qxa6 Rc8 25. Qxb6 Qg5 26. Kh1 Qf6 27. Bd5 Be2 28. Rfe1 Rc2 29. Qe3 Bh5 30. f3 Qg6 31. Re2 Rc7 32. g4 Bxg4 33. fxg4 Qxg4 34. Rg1 Qh4 35. Reg2 1-0

[Event "Steinfurt Bezirksklasse 1314"]
[Site "Germany"]
[Date "2014.03.15"]
[Round "6.5"]
[White "Ahaus, Frank"]
[Black "Schmalbrock, Andreas"]
[Result "0-1"]
[WhiteElo "742"]
[BlackElo "1243"]
[PlyCount "60"]
[EventDate "2013.10.05"]
[EventType "team-tourn"]
[EventRounds "9"]
[EventCountry "GER"]
[SourceTitle "EXT 2015"]
[Source "ChessBase"]
[SourceDate "2014.11.20"]
[SourceVersion "1"]
[SourceVersionDate "2014.11.20"]
[SourceQuality "1"]
[WhiteTeam "Emsdetten Turm IV"]
[BlackTeam "Nordwalde II"]
[WhiteTeamCountry "GER"]
[BlackTeamCountry "GER"]

1. e4 e5 2. Nf3 Nc6 3. Bc4 Bc5 4. d3 Nf6 5. Nc3 0-0 6. Bg5 h6 7. Bh4 Bb4 8. a3 Bxc3+ 9. bxc3 d6 10. 0-0 Bg4 11. h3 Bh5 12. Re1 Re8 13. d4 exd4 14. cxd4 Bxf3 15. Qxf3 Nxd4 16. Qd3 Ne6 17. Rab1 Rb8 18. Rbd1 Nf4 19. Qc3 Rxe4 20. Rxe4 Nxe4 21. Qd4 Qxh4 22. Qxe4 Nxh3+ 23. gxh3 Qxe4 24. Bd3 Qh4 25. Re1 Kf8 26. Kg2 Re8 27. Re2 Rxe2 28. Bxe2 f6 29. Bd3 b6 30. f3 d5 0-1